Pays les plus proches du Japon - Statistiques

Statistiques générales
  • Ce quiz a été pris 197 fois
  • Le résultat moyen est 15 sur 20
Statistiques - réponses
km Pays % Correct
331 Chine
100%
50 Corée du Sud
100%
420 Corée du Nord
99%
43 Russie
94%
1558 Vietnam
93%
2041 Thailande
92%
2192 Indonesie
89%
107 Taiwan
87%
1640 Mongolie
86%
1943 Cambodge
85%
1864 Laos
85%
568 Philippines
83%
2578 Inde
79%
2195 Etats-Unis
76%
1984 Malaisie
76%
3073 Bangladesh
55%
2309 Brunei
50%
2136 Etats fédérés de Micronésie
42%
2128 Palaos
36%
2251 Myanmar
30%
Aucun quiz correspondant
Distribution des résultats
% des personnes avec chaque résultat
Percentile par nombre de réponses
Votre historique - résultats
Vous n’avez pas pris ce quiz